MODERN British drama on screen
Gardado en:
| Formato: | Libro |
|---|---|
| Idioma: | inglés |
| Publicado: |
Cambridge University Press
2013
|
| Tags: |
Engadir etiqueta
Sen Etiquetas, Sexa o primeiro en etiquetar este rexistro!
|
MARC
| LEADER | 00000nam a22000007a 4500 | ||
|---|---|---|---|
| 008 | 210913b ||||| |||| 00| 0 eng d | ||
| 020 | |a 9781107001015 | ||
| 245 | |a MODERN British drama on screen |c edited by R. Barton Palmer and William Robert Bray |g xiv , 292p. : ill. | ||
| 250 | |c edited by R. Barton Palmer and William Robert Bray | ||
| 260 | |b Cambridge University Press |c 2013 |h New York |i 696970 |i 696971 |i 699995 |i 699996 |l PN 1997. 85 . M72 |m Film adaptations --- History and Criticism |m English drama - Film adaptations |m American drama -- Film adaptations |m Film adaptations -- History and Criticism |m Motion pictures and literature -- Great Britain |m Motion pictures and literature -- United States | ||
| 500 | |a It includes bibliography, references and index | ||
| 942 | |a lcc |c BK |e ADEYEYE , Y. S. |f 13 - 09 - 2021 | ||
| 952 | |0 0 |1 0 |2 lcc |4 0 |6 PN199785 M72 |7 0 |9 3549 |a HOL |b HOL |c LP |d 2021-09-13 |l 0 |o PN 1997 . 85 . M72 |p 2021-67279 |r 2021-09-13 00:00:00 |t 696970 |w 2021-09-13 |y BK | ||
| 952 | |0 0 |1 0 |2 lcc |4 0 |6 PN199785 M72 |7 0 |9 3550 |a HOL |b ART |c LP |d 2021-09-13 |l 0 |o PN 1997 . 85 . M72 |p 2021-67280 |r 2021-09-13 00:00:00 |t 696971 |w 2021-09-13 |y BK | ||
| 952 | |0 0 |1 0 |2 lcc |4 0 |6 PN199785 M72 |7 0 |9 4613 |a HOL |b ART |c LP |d 2023-10-30 |l 0 |o PN1997.85 .M72 |p 2023-0532 |r 2023-10-30 00:00:00 |t 699995 |w 2023-10-30 |y BK | ||
| 952 | |0 0 |1 0 |2 lcc |4 0 |6 PN199785 M72 |7 0 |9 4614 |a HOL |b HOL |c LP |d 2023-10-30 |l 0 |o PN1997.85 .M72 |p 2023-0533 |r 2023-10-30 00:00:00 |t 699996 |w 2023-10-30 |y BK | ||
| 999 | |c 1758 |d 1758 | ||